Stolice państw nieuznawanych! - Statystyki

Ogólne statystyki
  • Ten quiz został rozwiązany 199 razy
  • Średni wynik to 5 z 11
Statystyki odpowiedzi
Państwo nieuznawane stolica % Poprawnych
Kosowo Prisztina
90%
Tajwan Tajpej
77%
Doniecka Rep. Ludowa Donieck
72%
Cypr Polnocny Nikozja
68%
Luganska Rep. Ludowa Ługańsk
67%
Naddniestrze Tyraspol
52%
Palestyna Ramallah
22%
Abchazja Suchumi
22%
Gorski Karabach Stepanakert
13%
Osetia Poludniowa Cchinwali
11%
Sahara Zachodnia Tifariti
4%
Nie znaleziono quizów pasujących do podanych kryteriów
Rozkład punktacji
Procent ludzi z każdym wynikiem
Percentyl według liczby udzielonych odpowiedzi
Twoja historia wyników
Nie rozwiązałeś tego quizu